000 00834nam a2200217 i 4500
001 163976
003 ES-MaACL
005 20251017063109.0
008 000414s1878 sp |||| | spa d
040 _aCAM
_bspa
_cCAM
100 1 _aRosenthal, Isidor,
_d1836-1915
_9147528
245 1 0 _aTratado clínico de las enfermedades del sistema nervioso /
_cpor M. Rosenthal ; versión española de Ramón Serret Comin.
260 _aMadrid :
_b[s.n.],
_c1878 (
_fimprenta de Enrique Teodoro)
300 _a[4], 849 p. ;
_c24 cm.
490 1 _aBiblioteca escogida de "El siglo médico"
650 0 4 _aSistema nervioso-
_xEnfermedades.
_917135
700 1 _aSerret Comín, Ramón.
_9105834
830 0 _aBiblioteca escogida de "El siglo médico"
_9182501
852 _aES-MaACL
_jF-12298
_z-- Enc. hol.
999 _c163976
_d163976